000 00847cam a2200277u 4500
999 _c6212
_d6212
001 6212
003 BD-JhCC
005 20180125133032.0
008 820608m19439999nyua 000 0 eng
035 _a(BD-JhCC)6212
040 _aDLC
_cCarP
_dDLC
_d(BD-JhCC)
041 _aeng
050 0 0 _aPE1408
_b.W6255
082 _a425
_bWOL 1955
100 1 _aWolfe, Don Marion,
_d1902-
245 1 0 _aEnjoying English /
_cDon Marion Wolfe
250 _a2nd ed.
260 _aNew York :
_bNewson & company,
_c1955.
300 _a464 p. :
_bfront., illus.
_c22 cm.
650 0 _aEnglish language
_xComposition and exercises.
650 0 _aEnglish language
_xGrammar
_vProblems, exercises, etc.
700 1 _aHamilton, Lela Tyre, [from old catalog]
700 1 _aGeyer, Ellen Mary, [from old catalog]
942 _2ddc
_cBK